UK Counties with multiple cities - Statistics

General Stats
  • This quiz has been taken 81 times
  • The average score is 9 of 16
Answer Stats
Number Answer Cities % Correct
3 West Yorkshire Bradford, Leeds, Wakefield
89%
2 North Yorkshire Ripon, York
80%
2 South Yorkshire Doncaster, Sheffield
78%
3 Essex Chelmsford, Colchester, Southend
75%
3 Hampshire Portsmouth, Southampton, Winchester
75%
2 Devon Exeter, Plymouth
74%
2 Lancashire Lancaster, Preston
72%
3 Cambridgeshire Cambridge, Ely, Peterborough
68%
3 West Midlands Birmingham, Coventry, Wolverhampton
68%
2 Greater Manchester Manchester, Salford
60%
2 Tyne and Wear Newcastle upon Tyne, Sunderland
58%
2 Somerset Bath, Wells
51%
2 Staffordshire Lichfield, Stoke-on-Trent
46%
3 Armagh Armagh, Lisburn (part), Newry (part)
9%
3 Down Bangor, Lisburn (part), Newry (part)
9%
2 Clwyd St Asaph, Wrexham
2%
No matching quizzes found
Score Distribution
Percent of People with Each Score
Percentile by Number Answered
Your Score History
You have not taken this quiz